ARRUPE JESUIT UNIVERSITY

CORONAVIRUS -STOP THE SPREAD - CLEAN,DISINFECT,COVER
Normal view MARC view

Entry Personal Name

Number of records used in: 1

001 - CONTROL NUMBER

  • control field: 12536

003 - CONTROL NUMBER IDENTIFIER

  • control field: ARRUPE

005 - DATE AND TIME OF LATEST TRANSACTION

  • control field: 20141111135729.0

008 - FIXED-LENGTH DATA ELEMENTS

  • fixed length control field: 141111|| aca||aabn | a|a d

040 ## - CATALOGING SOURCE

  • Original cataloging agency: ARRUPE
  • Transcribing agency: ARRUPE

100 ## - HEADING--PERSONAL NAME

  • Personal name: Popper, Karl R.
  • Fuller form of name: (Karl Raimund),
  • Dates associated with a name: 1902-1994.
  • Title of a work: Logik der Forschung.

670 ## - SOURCE DATA FOUND

  • Source citation: Work cat.: (ARRUPE)0: Miller, David (David W.) 12535, Critical rationalism :, c1994.

 

Arrupe Library. PO Box MP320 Mt Pleasant, Harare, Zimbabwe
263 242 745411|librarian@aju.ac.zw